Statistiques concernant Les Pokémon qui rapportent le plus de points au Scrabble

Cliquez ici pour prendre le quiz!

Statistiques générales

  • Ce quiz a été pris 47 fois
  • Le résultat moyen est 7 sur 60

Statistiques - réponses

PtsPokémon% Correct
27Zygarde
53%
25Mewtwo
37%
33Rayquaza
37%
25Kyurem
34%
25Zekrom
34%
30Qwilfish
32%
25Kyogre
29%
27Zéblitz
26%
27Zigzaton
26%
28Zamazenta
24%
27Qulbutoké
21%
25Zoroark
21%
53Akwakwak
18%
27Alakazam
18%
36Cizayox
18%
25Deoxys
18%
28Kangourex
18%
56Psykokwak
18%
32Trioxhydre
18%
34Judokrak
16%
27Kicklee
16%
34Qwilpik
16%
28Wattapik
16%
28Carchacrok
13%
35Kraknoix
11%
26Kravarech
11%
29Porygon-Z
11%
30Drakkarmin
8%
25Élektek
8%
25Excavarenne
8%
29Médittikka
8%
32Blizzeval
5%
26Chrysacier
5%
39Coxyclaque
5%
36Crikzik
5%
29Embrylex
5%
25Hypnomade
5%
27Mélokrik
5%
26Skelénox
5%
29Sylveroy
5%
26Banshitrouye
3%
29Blizzaroi
3%
26Blizzi
3%
26Chrysapile
3%
27Hypotrempe
3%
34Kokiyas
3%
28Krabby
3%
32Lakmécygne
3%
27Noadkoko
3%
38Pachyradjah
3%
25Pyrax
3%
32Théffroyable
3%
29Tokopiyon
3%
27Toxizap
3%
30Aéroptéryx
0%
29Chaffreux
0%
25Drackhaus
0%
25Gorythmic
0%
32Khélocrok
0%
32Pierroteknik
0%

Distribution des résultats

Percentile par nombre de réponses

% des personnes avec chaque résultat

Votre développement - résultats

Vous n’avez pas pris ce quiz